Biblioteca

Derechos humanos y democracia en América Latina / Pedro Pablo Camargo (Registro nro. 34450)

Detalles MARC
000 -LÍDER
Campo fijo de descripción fija 016240000a22002170004500
020 ## - NÚMERO INTERNACIONAL NORMALIZADO PARA LIBROS
Número Internacional Normalizado del libro 978-958-711-460-7
082 04 - NÚMERO DE CLASIFICACIÓN DECIMAL DEWEY
Número de clasificación G 323.4 C1727d
001 - NÚMERO DE CONTROL
Campo de control 3823
100 1# - ASIENTO PRINCIPAL--NOMBRE PERSONAL
Nombre personal Camargo, Pedro Pablo
245 10 - TÍTULO
Título del Material Derechos humanos y democracia en América Latina / Pedro Pablo Camargo
250 ## - MENCIÓN DE EDICIÓN
Mención de edición 2
260 ## - PUBLICACIÓN, DISTRIBUCIÓN, ETC. (PIE DE IMPRENTA)
Lugar de publicación, distribución, etc. Bogotá : Leyer
300 ## - DESCRIPCIÓN FÍSICA
Extensión 735 p. : Cd.
336 ## - CONTENT TYPE
Content type term texto
Content type code txt
Source rdacontent
337 ## - MEDIA TYPE
Source rdamedia
Media type term sin mediación
Media type code n
338 ## - CARRIER TYPE
Source rdacarrier
Carrier type term volumen
Carrier type code nc
500 ## - NOTA GENERAL
Nota General Incluye material acompañante. Cd. con anexos
505 00 - NOTA DE CONTENIDO
Nota de contenido con formato preestablecido I PARTE: Teoría y realidad de los derechos humanos -- Los derechos constitucionales fundamentales en la práctica -- La pobreza crítica y la realidad en los derechos económicos, sociales y culturales \ II PARTE: Teoría y realidad de los derechos humanos -- El amparo judicial y otros recursos de protección de los derechos fundamentales en América Latina -- El Hábeas Corpus en los Estados Americanos \ PARTE III. La protección interamericana de los derechos humanos -- Los derechos humanos civiles y políticos -- Los derechos económicos, sociales y culturales en el sistema interamericano -- La violación de los derechos humanos es atribuible sólo al estado y sus agentes \ IV PARTE: Teoría y práctica de la democracia -- La democracia liberal en la teoría constitucional -- Realidad y futuro de la democracia -- La "Dictadura constitucional" -- La "santa alianza" de las democracias liberales -- Cuestionamiento de la democracia liberal o representativa -- Integración o anexión
650 14 - ASIENTO SECUNDARIO DE MATERIA - TERMINO TEMÁTICO
Término temático o nombre geográfico como elemento de entrada DERECHOS HUMANOS \ DERECHOS CIVILES \ DEMOCRACIA
942 ## - TIPO DE MATERIAL (KOHA)
Tipo de Item KOHA Libros General
Existencias
Estado de Material Estado de Perdido Estado de Dañado No para Préstamo Colección Tomo Biblioteca de Origen Biblioteca Permanente Fecha de Adquisición Total de Préstamos Total de Renovaciones Signatura Topográfica Código de Barras Última vez visto Última vez Préstado Ejemplar/Existencia Fecha de Remplazo Tipo de Material
        Colección General   Biblioteca FUSBC Biblioteca FUSBC 19/09/2011 4 1 G 323.4 C1727d 7759 20/02/2024 06/02/2024 1 26/01/2016 Libros General

Biblioteca FUSBC | Teléfono: (57+4) 349 88 10 Ext. 141| WhatsApp (+57) 3005338115 
E-mail: biblioteca@unisbc.edu.co | Calle 76 87-14 Robledo Palenque, Medellín, Colombia

Con tecnología Koha